000 nam a22 7a 4500
999 _c129515
_d129515
008 190430b xxu||||| |||| 00| 0 eng d
020 _a0-89453-544-7
050 _aBV215.P6 1986
100 _aPollard, Mirriam
_946118
245 _aThe laughter of God:
_bat ease with prayer
_c/ by Mirriam Pollard
260 _aDelaware:
_bMichael Glazier,
_c1986.
300 _a128p. ;
_c23cm.
650 _aPrayer
_946119
942 _2lcc
_cMONOGRAPH